000
00281nam a22001217a 4500
008
180806b xxu||||| |||| 00| 0 eng d
082
_a
813.52
245
_a
The Joy of Mathematics
_c
Benjamin,A.T
260
_c
2007
300
_a
4
_f
CD
440
_x
9781598033106
942
_2
ddc
_c
MX
999
_c
46813
_d
46813